LEADER 00915nam a2200217 i 4500 001 000000238858 003 CaOOAMICUS 005 20150216000000.0 008 150216s1861 it u000 u ita u 013 $a217763 040 $aSeMil$bita 100 1 $aPassaglia, Carlo,$c.$0(OLS)http://semarc/name/2029 245 10$aDella scomunica :$bavvertenze di un prete cattolico /$c[Carlo Passaglia]. 260 $aFirenze :$bFelice Le Monnier,$c1861. 300 $a47 p. ;$c18 cm. 500 $aPer l'A. Carlo Passaglia, cfr. SBN. - Legato con 3D-I-121 FA. 650 4$aScomunica.$0(OLS)http://semarc/subject/839 850 $aSeMil 852 $aSeMil$W1$xVenegono$y1$m3D I 122 FA$j189204$B189204$CSeMilBibl$Z2$F199962 $8I 996 $6245$aDella scomunica :$bavvertenze di un prete cattolico$9(OLS)http://semarc/title/340294 996 $6260$aFirenze :$bFelice Le Monnier$9(OLS)http://semarc/publisher/39515 LEADER 01032nas a2200205 i 4500 001 000000192486 003 CaOOAMICUS 005 20100920000000.0 008 100920b1912 it uu u0 0ita r 013 $a171065 040 $aSeMil$bita 100 1 $aBelli, Marco.$0(OLS)http://semarc/name/70169 245 13$aLe lettere di S. Ignazio martire, vesco di Antiochia /$cVolgarizzate dal testo greco da Mr. Prof. Dott. Marco Belli. 260 $aGenova :$bAmministrazione del periodico I Padri della Chiesa,$c1912. 300 $a107 p. ;$c24 cm. 773 0 $tPadri della Chiesa.$dLuogo non identificato : Genova : Amministrazione ; [poi] Amministrazione del periodico "I Padri della Chiesa", 1912-[19--?]$w()23778 850 $aSeMil 852 $aSeMil$W1$xVenegono$y1$m2U V 50$j143061$B143061$CSeMilBibl$Z2$F154432 $81 996 $6245$aLe lettere di S. Ignazio martire, vesco di Antiochia$9(OLS)http://semarc/title/277419 996 $6260$aGenova :$bAmministrazione del periodico I Padri della Chiesa$9(OLS)http://semarc/publisher/50397